Diseño en ingeniería mecánica
Kaydedildi:
| Yazar: | |
|---|---|
| Diğer Yazarlar: | |
| Materyal Türü: | Kitap |
| Dil: | İspanyolca |
| Baskı/Yayın Bilgisi: |
Ciudad de México, México
McGraw Hill
2002
|
| Edisyon: | Sexta edición |
| Konular: | |
| Online Erişim: | Disponible Online |
| Etiketler: |
Etiketle
Etiket eklenmemiş, İlk siz ekleyin!
|
MARC
| LEADER | 00000nam a2200000 a 4500 | ||
|---|---|---|---|
| 001 | UCM8320 | ||
| 003 | CL-VaPUC | ||
| 005 | 20220121113344.0 | ||
| 008 | 030307e20020000MX |||||||||||||||||spa|d | ||
| 999 | |c 302857 |d 302855 | ||
| 020 | |a 9701036468 | ||
| 040 | |c Pontificia Universidad Católica de Valparaíso | ||
| 082 | 0 | 4 | |a 621.815 SHI 2002 |2 21 |
| 100 | 0 | |a Shigley, Joseph Edward |e author |9 474319 | |
| 245 | 1 | 0 | |a Diseño en ingeniería mecánica |
| 250 | |a Sexta edición | ||
| 260 | |a Ciudad de México, México |b McGraw Hill |c 2002 | ||
| 300 | |a 1257 páginas | ||
| 583 | |a last modification |c 20030307 00:00:00 |k Rodrigo Vera | ||
| 650 | 7 | |a Maquinaria |x Diseño |9 861325 | |
| 650 | 0 | |a Ingeniería mecánica |9 262089 | |
| 650 | 0 | |a Diseño mecánico |2 CL-VaPUC |9 396029 | |
| 650 | 0 | |a Resistencia de materiales |9 260095 | |
| 650 | 0 | |a Resortes |9 359465 | |
| 650 | 0 | |a Cojinetes |9 359467 | |
| 650 | 0 | |a Engranajes |9 271783 | |
| 700 | |a Mischke, Charles R. |e autor |9 474320 | ||
| 856 | |u http://bibliografiadigital.pucv.cl.pucv.idm.oclc.org/index.php/bibliotecapucv/catalog/book/485 |y Disponible Online | ||
| 942 | |c BK |2 ddc | ||
| 945 | |d 20030307 00:00:00 |a vberengu | ||
| 952 | |0 0 |1 0 |4 0 |6 621_815000000000000_SHI_2002 |7 0 |8 R |9 363651 |a BIBMEC |b BIBMEC |d 2019-11-21 |i 3881253 |l 7 |o 621.815 SHI 2002 |p 3881253 |r 2024-10-11 |s 2024-10-09 |w 2019-11-21 |y BK_R |k MEC | ||
| 952 | |0 0 |1 0 |4 0 |6 621_815000000000000_SHI_2002 |7 0 |8 R |9 363652 |a BIBMEC |b BIBMEC |d 2019-11-21 |i 3881261 |l 4 |o 621.815 SHI 2002 |p 3881261 |r 2024-01-19 |s 2022-09-01 |w 2019-11-21 |y BK_R |k MEC | ||
| 952 | |0 0 |1 0 |4 0 |6 621_815000000000000_SHI_2002 |7 0 |8 R |9 363653 |a BIBMEC |b BIBMEC |d 2019-11-21 |i 3883221 |l 3 |o 621.815 SHI 2002 |p 3883221 |r 2024-01-19 |s 2022-09-12 |w 2019-11-21 |y BK_R |k MEC | ||
| 952 | |0 0 |1 0 |4 0 |6 621_815000000000000_SHI_2002 |7 0 |8 R |9 363654 |a BIBMEC |b BIBMEC |d 2019-11-21 |i 3888401 |l 5 |m 2 |o 621.815 SHI 2002 |p 3888401 |r 2024-05-07 |s 2024-04-03 |w 2019-11-21 |y BK_R |k MEC | ||
| 952 | |0 0 |1 0 |4 0 |6 621_815000000000000_SHI_2002 |7 0 |8 R |9 363655 |a BIBMEC |b BIBMEC |d 2019-11-21 |i 4072502 |l 3 |o 621.815 SHI 2002 |p 4072502 |r 2025-04-28 |s 2024-08-13 |w 2019-11-21 |y BK_R |k MEC | ||
| 952 | |0 0 |1 0 |4 0 |6 621_815000000000000_SHI_2002 |7 0 |8 R |9 363656 |a BIBMEC |b BIBMEC |d 2019-11-21 |i 450710K |o 621.815 SHI 2002 |p 450710K |r 2024-01-19 |w 2019-11-21 |y BK_R |k MEC | ||